| 000 | 00514cam a22002054a 4500 | ||
|---|---|---|---|
| 005 | 20250605164154.0 | ||
| 008 | 250528s ||||||||||||||||||||||||d | ||
| 035 | _a19527 | ||
| 020 | _a669052663 | ||
| 040 |
_aGR-AtMCL _bgre _dGR-AtMCL _eAACR2 |
||
| 245 | 1 | _aTHE AMERICAN PAGEANT - VOLUME I | |
| 250 | _a7 | ||
| 260 |
_bAmerican Heritage Publishing Company, _c1983 |
||
| 300 | _a451 | ||
| 700 | 1 |
_aBailey Thomas A. _9857 |
|
| 700 | 1 |
_aKennedy David M _9858 |
|
| 942 | _cBK | ||
| 999 |
_c4783 _d4783 |
||